000 00477nam a2200193 a 4500
001 1758085044126
003 ACL
005 20250917102859.0
008 250917s2010##################000#0#eng##
020 _a9781405185356
082 0 4 _a791.45652
_bSHI
100 1 _aShimpach, Shawn,
_eauthor.
245 1 0 _aTelevision in Transition :
260 _bLibreDigital,
_c2010.
300 _a245 pages
650 0 _aPerforming Arts.
942 _cENGLISH
040 _aACL
_beng
_cACL
999 _c587571
_d587571